| 000 -CABECERA |
| Longitud fija campo de control |
00852nam a22002057a 4500 |
| 003 - IDENTIFICADOR DEL NÚMERO DE CONTROL |
| Identificador del número de control |
OSt |
| 005 - FECHA Y HORA DE LA ÚLTIMA TRANSACCIÓN |
| Fecha y hora de la última transacción |
20151022114202.0 |
| 008 - CÓDIGOS DE INFORMACIÓN DE LONGITUD FIJA |
| Códigos de información de longitud fija |
130604s1997 sp ||||| |||| 00| 0 spa d |
| 040 ## - FUENTE DE LA CATALOGACIÓN |
| Centro transcriptor |
CDMR |
| 245 00 - MENCIÓN DE TÍTULO |
| Título |
Textos básicos de comunicación 89-95 |
| 260 ## - PUBLICACIÓN, DISTRIBUCIÓN, ETC. (PIE DE IMPRENTA) |
| Nombre del editor, distribuidor, etc. |
Organización de las Naciones Unidas para la Educación, la Ciencia y la Cultura |
| Fecha de publicación, distribución, etc. |
[1997] |
| 300 ## - DESCRIPCIÓN FÍSICA |
| Extensión |
106 p. |
| 500 ## - NOTA GENERAL |
| Nota general |
Conté: 1.- Declaraciones sobre el Fomento de unos medios de comunicación independientes y pluralistas ; 2.- Plataforma de Acción de Toronto ; 3.- resoluciones de la Conferencia General |
| 650 04 - PUNTO DE ACCESO ADICIONAL DE MATERIA - TÉRMINO DE MATERIA |
| 9 (RLIN) |
3195 |
| Término de materia o nombre geográfico como elemento inicial |
Drets humans |
| 650 04 - PUNTO DE ACCESO ADICIONAL DE MATERIA - TÉRMINO DE MATERIA |
| 9 (RLIN) |
980 |
| Término de materia o nombre geográfico como elemento inicial |
Comunicació |
| Subdivisión de materia general |
Aspectes ètics i morals |
| 610 2# - PUNTO DE ACCESO ADICIONAL DE MATERIA - NOMBRE DE ENTIDAD CORPORATIVA |
| 9 (RLIN) |
1452 |
| Nombre de entidad corporativa o nombre de jurisdicción como elemento inicial |
Unesco |
| Subdivisión de forma |
Resolucions |
| 710 2# - PUNTO DE ACCESO ADICIONAL - NOMBRE DE ENTIDAD |
| 9 (RLIN) |
1452 |
| Nombre de entidad o nombre de jurisdicción como elemento inicial |
Unesco |
| 856 40 - LOCALIZACIÓN Y ACCESO ELECTRÓNICO |
| Identificador Uniforme del Recurso (URI) |
<a href="http://unesdoc.unesco.org/images/0010/001091/109197sb.pdf">http://unesdoc.unesco.org/images/0010/001091/109197sb.pdf</a> |
| Texto del enlace |
Disponible en línia (pdf) |
| 942 ## - ENTRADA DE ELEMENTOS AGREGADOS (KOHA) |
| Fuente de clasificaión o esquema |
|
| Koha [por defecto] tipo de item |
Monografies |